[Event "Challenge"]
[Site "http://www.queenalice.com/game.php?id=312089"]
[Date "2007.11.29"]
[Round "-"]
[White "LeoneAraujo"]
[Black "Oryon1969"]
[Result "1/2-1/2"]
[WhiteElo "1616"]
[BlackElo "2039"]

1. e4 c5 2. Nf3 Nc6 3. d4 cxd4 4. Nxd4 Nf6 5. Nc3 a6 6. a4 g6 7. Be2 Bg7 8. Be3
d5 9. exd5 Nxd5 10. Nxd5 Qxd5 11. Bf3 Qa5+ 12. c3 Ne5 13. b4 Qc7 14. Qd2 Nxf3+
15. gxf3 Bh3 16. Bf4 e5 17. Qe3 O-O 18. Bxe5 Bxe5 19. Qh6 Qxc3+ 20. Qd2 1/2-1/2

[Event "Canada-Brasil Friendly"]
[Site "http://www.queenalice.com/game.php?id=315682"]
[Date "2007.12.6"]
[Round "-"]
[White "Oryon1969"]
[Black "defconn4"]
[Result "0-1"]
[WhiteElo "2048"]
[BlackElo "2097"]

1. e4 c5 2. c3 Nf6 3. e5 Nd5 4. Nf3 Nc6 5. Bc4 Nb6 6. Bb3 d5 7. O-O Bg4 8. Re1
e6 9. d4 cxd4 10. cxd4 Bxf3 11. gxf3 Qh4 12. f4 g5 13. fxg5 h6 14. g6 Rg8 15.
Bc2 Nxd4 16. Bd3 Nf5 17. Bb5+ Nd7 18. Kh1 Rxg6 19. Qf3 O-O-O 20. Bxd7+ Rxd7 21.
Be3 Nxe3 22. Rxe3 Bc5 23. Rc3 Rc7 24. Nd2 Qxf2 25. Qxf2 Bxf2 26. Rxc7+ Kxc7 27.
Rf1 Bd4 28. Rxf7+ Kb6 29. Nf3 Bxb2 30. h4 h5 31. Kh2 Rg4 32. Rf6 Ra4 33. Rxe6+
Kc5 34. Re7 Rxa2 35. Rh7 Bxe5+ 36. Kh3 Ra3 37. Kg2 Ra2+ 38. Kh3 Bd6 39. Rxh5 b5
40. Rh8 b4 41. Rc8+ Kb6 42. Nd4 Be5 43. Nf3 Bc7 44. Nd4 b3 0-1

[Event "Challenge"]
[Site "http://www.queenalice.com/game.php?id=315896"]
[Date "2007.12.6"]
[Round "-"]
[White "Lintz"]
[Black "Oryon1969"]
[Result "0-1"]
[WhiteElo "1698"]
[BlackElo "2036"]

1. e4 e5 2. d3 Bc5 3. Nf3 Nc6 4. Nbd2 Nf6 5. Be2 O-O 6. O-O d5 7. exd5 Nxd5 8.
c3 Bf5 9. b4 Nxc3 10. Qe1 Nxb4 11. Ba3 Nc2 0-1

[Event "E.S x M.G"]
[Site "http://www.queenalice.com/game.php?id=316220"]
[Date "2007.12.6"]
[Round "-"]
[White "Oryon1969"]
[Black "RJGF"]
[Result "1-0"]
[WhiteElo "2039"]
[BlackElo "1853"]

1. d4 d6 2. e4 Nf6 3. Bd3 g6 4. f4 Bg7 5. Nf3 O-O 6. O-O Bg4 7. Nbd2 c5 8. c3
Nbd7 9. h3 Bh5 10. Qe1 cxd4 11. g4 Bxg4 12. hxg4 dxc3 13. bxc3 Nxg4 14. Nb3 Rc8
15. Bd2 Qb6+ 16. Kh1 Rc7 17. Rb1 Rfc8 18. Nfd4 Ndf6 19. Qe2 e5 20. Nc1 Qc5 21.
Nb5 Rd7 22. Nb3 Qb6 23. c4 Qa6 24. Nc3 Qb6 25. f5 Bh6 26. Nd5 Nxd5 27. exd5 Bxd2
28. Nxd2 Qe3 29. Qxg4 Qxd2 30. fxg6 Qh6+ 31. Kg2 Qd2+ 32. Rf2 f5 33. Bxf5 Qd4
34. gxh7+ 1-0

[Event "Challenge"]
[Site "http://www.queenalice.com/game.php?id=317018"]
[Date "2007.12.8"]
[Round "-"]
[White "Oryon1969"]
[Black "Lintz"]
[Result "1-0"]
[WhiteElo "2031"]
[BlackElo "1730"]

1. c4 e5 2. Nc3 Nf6 3. d3 Bb4 4. Nf3 Bxc3+ 5. bxc3 d6 6. Bg5 O-O 7. g3 Nc6 8. h4
Be6 9. h5 Nb8 10. h6 g6 11. Bg2 c6 12. Nd2 Nbd7 13. Rb1 Rb8 14. Qa4 a6 15. Ne4
Bf5 16. Nxd6 b5 17. Qxa6 c5 18. Rxb5 Rxb5 19. cxb5 Be6 20. Ne4 c4 21. O-O 1-0

[Event "Challenge"]
[Site "http://www.queenalice.com/game.php?id=318689"]
[Date "2007.12.11"]
[Round "-"]
[White "Lintz"]
[Black "Oryon1969"]
[Result "0-1"]
[WhiteElo "1726"]
[BlackElo "2035"]

1. d4 Nf6 2. Nc3 d5 3. e4 dxe4 4. f3 Bf5 5. g4 Bg6 6. g5 Nd5 7. Bd2 exf3 8. Qxf3
e6 9. Nxd5 exd5 10. O-O-O Be4 11. Qe3 Qe7 12. Nf3 Nc6 13. Bg2 O-O-O 14. Rhg1 g6
15. Qc3 Bg7 16. Be3 Qb4 17. Bd2 Qa4 18. Kb1 Nxd4 19. Nxd4 Bxd4 20. b3 Bxc3 21.
bxa4 Be5 22. h3 Bd4 23. Bxe4 Bxg1 0-1

[Event "Challenge"]
[Site "http://www.queenalice.com/game.php?id=320072"]
[Date "2007.12.14"]
[Round "-"]
[White "Oryon1969"]
[Black "Lintz"]
[Result "1-0"]
[WhiteElo "2034"]
[BlackElo "1688"]

1. e4 e5 2. Nc3 Nf6 3. Bc4 Nxe4 4. Qh5 Nd6 5. Bb3 Nc6 6. Nb5 g6 7. Qf3 f5 8. Qd5
Qe7 9. Nxc7+ Kd8 10. Nxa8 b6 11. Nxb6 axb6 12. Nf3 Bg7 13. O-O h5 14. d3 Bb7 15.
Bg5 Bf6 16. Bxf6 Qxf6 17. Rae1 Nd4 18. Qxe5 Nxf3+ 19. gxf3 Qxe5 20. Rxe5 Bxf3
21. Bd5 Bxd5 22. Rxd5 Kc7 23. a4 Ra8 24. Ra1 g5 25. c4 Kc6 26. b4 Rf8 27. b5+
Kc7 28. a5 Nc8 29. a6 Na7 30. Re1 h4 31. Re7 Rd8 32. Rxf5 Nc8 33. Rh7 1-0

[Event "Colatina X Janaúba"]
[Site "http://www.queenalice.com/game.php?id=320495"]
[Date "2007.12.15"]
[Round "-"]
[White "RJGF"]
[Black "Oryon1969"]
[Result "0-1"]
[WhiteElo "1920"]
[BlackElo "2018"]

1. e4 c5 2. Nf3 Nc6 3. d4 cxd4 4. Nxd4 Nf6 5. Nc3 a6 6. Nf3 d6 7. Be2 g6 8. O-O
Bg7 9. Rb1 O-O 10. Be3 b5 11. b4 Bb7 12. a3 Ng4 13. Nd5 Nxe3 14. Nxe3 Ne5 15.
Nd5 e6 16. Nxe5 exd5 17. Ng4 dxe4 18. c4 bxc4 19. Bxc4 d5 20. Be2 d4 21. Bc4 Kh8
22. Qb3 f5 23. Ne3 dxe3 24. fxe3 Rc8 25. Rbd1 Qc7 26. Rc1 Qe5 27. Rfd1 f4 28.
Bd5 Rxc1 0-1

[Event "Coaltina X Montanha"]
[Site "http://www.queenalice.com/game.php?id=322342"]
[Date "2007.12.18"]
[Round "-"]
[White "Oryon1969"]
[Black "Capixaba789"]
[Result "0-1"]
[WhiteElo "2038"]
[BlackElo "1752"]

1. c4 d6 2. d4 e6 3. Nf3 f5 4. b3 Nf6 5. Nc3 Nc6 6. Bb2 a6 7. e3 Be7 8. Bd3 e5
9. dxe5 dxe5 10. Be2 Qxd1+ 11. Rxd1 e4 12. Nd4 Nxd4 13. exd4 Bb4 14. O-O Bxc3
15. Bxc3 O-O 16. d5 Bd7 17. h3 f4 18. Rfe1 g5 19. Bxf6 Rxf6 20. Bg4 Bxg4 21.
hxg4 Re8 22. Rd4 e3 23. fxe3 fxe3 24. Rd3 Kf7 25. Rdxe3 Rxe3 26. Rxe3 Rf4 27.
Rf3 Rxf3 28. gxf3 Kf6 29. Kf2 Ke5 30. Ke3 b6 31. a4 a5 32. Kd3 h6 33. b4 axb4
34. Ke3 b3 0-1

[Event "Colatina X Montanha"]
[Site "http://www.queenalice.com/game.php?id=322678"]
[Date "2007.12.19"]
[Round "-"]
[White "Oryon1969"]
[Black "dechian"]
[Result "1-0"]
[WhiteElo "2036"]
[BlackElo "1064"]

1. e4 e5 2. Nf3 d6 3. d4 f6 4. Bc4 Bg4 5. dxe5 Bxf3 6. Qxf3 dxe5 7. Nc3 Nd7 8.
Be3 Nb6 9. Bxb6 cxb6 10. Qf5 Be7 11. Qe6 Qd6 12. Qf7+ Kd7 13. Rd1 Qxd1+ 14. Nxd1
Kc7 15. Qxg7 Nh6 16. Qxe7+ Kc6 17. Bd5+ Kb5 18. c4+ Ka6 19. Bxb7+ Ka5 20. Qa3#
1-0

[Event "MONTANHA X COLATINA"]
[Site "http://www.queenalice.com/game.php?id=323375"]
[Date "2007.12.20"]
[Round "-"]
[White "dechian"]
[Black "Oryon1969"]
[Result "0-1"]
[WhiteElo "1116"]
[BlackElo "2035"]

1. d4 d5 2. Nc3 Nf6 3. Bf4 c6 4. h3 Bf5 5. Na4 Nbd7 6. c3 e6 7. b4 Ne4 8. Nf3 b5
9. Nb2 Nxc3 10. Qb3 Ne4 11. Nd3 a5 12. Nc5 axb4 13. Qxb4 Ra4 14. Qb3 Nexc5 15.
dxc5 Bxc5 16. Qc3 Bb4 17. Qxb4 Rxb4 18. Nh4 Rxf4 19. g3 Qa5+ 20. Kd1 Rd4+ 21.
Kc1 Qd2# 0-1

[Event "Montanha X Colatina-II"]
[Site "http://www.queenalice.com/game.php?id=323598"]
[Date "2007.12.21"]
[Round "-"]
[White "Capixaba789"]
[Black "Oryon1969"]
[Result "0-1"]
[WhiteElo "1784"]
[BlackElo "2011"]

1. d3 d5 2. Nf3 Nf6 3. e3 c5 4. d4 Nc6 5. dxc5 e6 6. Bb5 Bxc5 7. Bxc6+ bxc6 8.
Nc3 Ba6 9. a3 Bb6 10. Ne5 Qc7 11. b4 Qxe5 12. Qd2 Rd8 13. Rb1 d4 14. f4 Qh5 15.
exd4 Bxd4 16. b5 Bxc3 17. Qxc3 Qd1+ 18. Kf2 Ne4+ 0-1

[Event "COLATINA X MONTANHA III"]
[Site "http://www.queenalice.com/game.php?id=323914"]
[Date "2007.12.21"]
[Round "-"]
[White "Oryon1969"]
[Black "Capixaba789"]
[Result "1-0"]
[WhiteElo "2030"]
[BlackElo "1752"]

1. d4 d6 2. e4 e6 3. Nf3 Nc6 4. c4 Nf6 5. Nc3 a6 6. Qe2 Be7 7. Bg5 h6 8. Bh4 g5
9. d5 Nb8 10. Bg3 e5 11. O-O-O Bg4 12. h3 Bh5 13. c5 Nbd7 14. c6 Nb6 15. h4 Bxf3
16. Qxf3 g4 17. Qe3 bxc6 18. dxc6 Qc8 19. f4 exf4 20. Bxf4 h5 21. e5 dxe5 22.
Bxe5 Qe6 23. Re1 Rg8 24. Bxc7 Nbd5 25. Nxd5 Nxd5 26. Qxe6 fxe6 27. Ba5 Rg6 28.
Bd3 Rf6 29. Re5 Nf4 30. Be4 Bd6 31. Rg5 Kf7 32. Rd1 e5 33. Rf5 Rxf5 34. Bxf5 Bc5
35. c7 Ne6 36. Rd7+ Kf6 37. Bxe6 Kxe6 38. Rd8 1-0

[Event "Challenge"]
[Site "http://www.queenalice.com/game.php?id=325726"]
[Date "2007.12.26"]
[Round "-"]
[White "amaralch7"]
[Black "Oryon1969"]
[Result "0-1"]
[WhiteElo "1445"]
[BlackElo "2037"]

1. e4 c5 2. Nf3 d6 3. Be2 Nc6 4. c3 Nf6 5. d3 g6 6. h3 Bg7 7. O-O O-O 8. b3 a5
9. d4 cxd4 10. Nxd4 Nxe4 11. Nxc6 bxc6 12. Qd3 Bf5 13. Qf3 d5 14. Rd1 Qc8 15.
Qe3 Qc7 16. a4 Rab8 17. Ra3 Rfd8 18. Bf3 Qe5 19. Bxe4 Bxe4 20. Bd2 f5 21. f4 Qf6
22. Qc5 Ra8 23. b4 e5 24. bxa5 Bf8 25. Qb6 Bxb1 26. fxe5 Qxe5 27. Ra1 Be4 28.
Be1 Bd6 29. g3 f4 30. gxf4 Qxf4 31. Bf2 Qg5+ 32. Kf1 Bg2+ 33. Ke2 Re8+ 34. Be3
Bf4 35. Rd3 Be4 36. Rg1 Bxd3+ 37. Kxd3 Qf5+ 38. Ke2 Rxe3+ 39. Kd1 Qd3+ 40. Kc1
Re2+ 0-1

[Event "Challenge"]
[Site "http://www.queenalice.com/game.php?id=333320"]
[Date "2008.1.9"]
[Round "-"]
[White "amaralch7"]
[Black "Oryon1969"]
[Result "0-1"]
[WhiteElo "1448"]
[BlackElo "2039"]

1. e4 c5 2. Bb5 a6 3. Bc4 b5 4. Bxf7+ Kxf7 5. e5 Nc6 6. e6+ Ke8 7. Qf3 Nf6 8.
exd7+ Bxd7 9. c3 e5 10. d3 Be7 11. Nh3 h6 12. O-O Kf7 13. Nd2 Rf8 14. Ne4 Kg8
15. Nxf6+ Bxf6 16. Qd5+ Kh8 17. Qxc5 Ne7 18. d4 Bxh3 19. dxe5 Rc8 20. Qe3 Qd5
21. gxh3 Nf5 22. Qf4 Bxe5 23. Qg4 Rc4 24. Qg6 Nh4 25. Qxh6+ gxh6 26. f3 Nxf3+
0-1

[Event "Challenge"]
[Site "http://www.queenalice.com/game.php?id=337654"]
[Date "2008.1.17"]
[Round "-"]
[White "Mateusao_99"]
[Black "Oryon1969"]
[Result "0-1"]
[WhiteElo "1614"]
[BlackElo "2041"]

1. e4 d6 2. Nc3 g6 3. Nf3 Bg7 4. Bc4 Nf6 5. d3 Bg4 6. O-O O-O 7. Bg5 Nbd7 8. h3
Bxf3 9. Qxf3 Ne5 10. Qe3 c6 11. Bxf6 Bxf6 12. Qh6 Nxc4 13. Rab1 Bg7 14. Qc1 Nb6
15. a4 a5 16. Qd2 Qc7 0-1

[Event "Challenge"]
[Site "http://www.queenalice.com/game.php?id=350125"]
[Date "2008.2.7"]
[Round "-"]
[White "Lintz"]
[Black "Oryon1969"]
[Result "0-1"]
[WhiteElo "1779"]
[BlackElo "2035"]

1. e4 c5 2. Nf3 Nc6 3. Nc3 d6 4. d4 cxd4 5. Nxd4 Nf6 6. Bg5 Ng4 7. f3 Nge5 8.
Bb5 Bd7 9. Nxc6 bxc6 10. Bc4 Nxc4 11. b3 Ne5 12. Be3 g6 13. O-O Bg7 14. Bd2 O-O
15. Rb1 Qc7 16. Ne2 f5 17. Bg5 fxe4 18. f4 Ng4 19. Qd2 Qb6+ 20. Kh1 Nf2+ 21. Kg1
Nh3+ 22. Kh1 e3 23. Qc1 Nxg5 24. fxg5 Rxf1+ 25. Qxf1 Rf8 26. Qd1 Rf2 27. c4 Bg4
0-1

[Event "Challenge"]
[Site "http://www.queenalice.com/game.php?id=352238"]
[Date "2008.2.10"]
[Round "-"]
[White "Mateusao_99"]
[Black "Oryon1969"]
[Result "0-1"]
[WhiteElo "1748"]
[BlackElo "2033"]

1. e4 e5 2. Nf3 Nc6 3. Nc3 Bc5 4. d3 Nf6 5. Be2 h6 6. O-O O-O 7. h3 d6 8. Be3
Nd7 9. Qd2 Re8 10. Nd5 Nb6 11. Nxb6 Bxb6 12. Bxb6 axb6 13. Rfd1 d5 14. exd5 Qxd5
15. c3 Rxa2 16. Rxa2 Qxa2 17. b4 Qxd2 18. Nxd2 Be6 19. Ra1 b5 20. Ne4 b6 21. Nd2
Ne7 22. Bf3 f5 23. Ra8 Rxa8 24. Bxa8 Bd5 25. Bxd5+ Nxd5 26. c4 Nxb4 27. cxb5
Nxd3 28. f3 Kf7 29. Kf1 Ke6 30. Ke2 Nf4+ 0-1

[Event "Challenge"]
[Site "http://www.queenalice.com/game.php?id=352381"]
[Date "2008.2.11"]
[Round "-"]
[White "Capixaba789"]
[Black "Oryon1969"]
[Result "1/2-1/2"]
[WhiteElo "1841"]
[BlackElo "2043"]

1. e4 e6 2. Nf3 c5 3. d4 Nc6 4. d5 Na5 5. d6 Nc6 6. e5 g6 7. Bb5 Bg7 8. Bxc6
bxc6 9. Nc3 Ba6 10. Na4 Qa5+ 11. Nc3 Qd8 12. Be3 Nh6 13. Ne4 Nf5 14. Bxc5 Nh4
15. Qd4 Nxg2+ 16. Kd1 Nh4 17. Nxh4 1/2-1/2

[Event "Challenge"]
[Site "http://www.queenalice.com/game.php?id=356844"]
[Date "2008.2.19"]
[Round "-"]
[White "Oryon1969"]
[Black "Lintz"]
[Result "1/2-1/2"]
[WhiteElo "2041"]
[BlackElo "1733"]

1. f4 Nf6 2. Nf3 g6 3. e3 Bg7 4. c3 d5 5. Be2 c6 6. b3 Nbd7 7. Bb2 b5 8. d4 O-O
9. O-O e6 10. Nbd2 Ne8 11. e4 dxe4 12. Nxe4 f5 13. Neg5 Ndf6 14. Ba3 Nd6 15. c4
bxc4 16. bxc4 Re8 17. Rb1 Nfe4 18. Nxe4 Nxe4 19. Qd3 Ba6 20. Qe3 Qc7 21. Ne5
Rab8 22. Rxb8 Rxb8 23. g4 Bxe5 24. fxe5 1/2-1/2

[Event "Challenge"]
[Site "http://www.queenalice.com/game.php?id=362064"]
[Date "2008.2.27"]
[Round "-"]
[White "Lintz"]
[Black "Oryon1969"]
[Result "0-1"]
[WhiteElo "1732"]
[BlackElo "2029"]

1. e4 c5 2. Nc3 Nc6 3. b3 g6 4. Bb2 Bg7 5. Nf3 d6 6. Rb1 Nf6 7. d3 O-O 8. Be2
Nd4 9. O-O a6 10. a3 b5 11. Nxd4 cxd4 12. Na2 e5 13. Bc1 Be6 14. Bg5 Qa5 15. Bc1
Rac8 16. Nb4 Qb6 17. Bd2 a5 18. Na2 d5 19. f3 dxe4 20. dxe4 d3+ 0-1

[Event "Challenge"]
[Site "http://www.queenalice.com/game.php?id=368138"]
[Date "2008.3.9"]
[Round "-"]
[White "Oryon1969"]
[Black "Capixaba789"]
[Result "1-0"]
[WhiteElo "2049"]
[BlackElo "1796"]

1. e4 d5 2. exd5 Qxd5 3. Nc3 Qd8 4. Bc4 e6 5. Nf3 Nf6 6. O-O Nc6 7. d4 Be7 8.
Bf4 O-O 9. Nb5 Bd6 10. Bg5 h6 11. Bh4 a6 12. Nxd6 cxd6 13. Qd2 Re8 14. Rfe1 d5
15. Bb3 g5 16. Nxg5 hxg5 17. Qxg5+ Kf8 18. Qh6+ Ke7 19. Bxf6+ 1-0

[Event "Challenge"]
[Site "http://www.queenalice.com/game.php?id=368830"]
[Date "2008.3.10"]
[Round "-"]
[White "Mateusao_99"]
[Black "Oryon1969"]
[Result "0-1"]
[WhiteElo "1754"]
[BlackElo "2038"]

1. e4 c5 2. d3 Nc6 3. Nc3 Nf6 4. Nf3 d6 5. Bg5 Bg4 6. h3 Bh5 7. g3 Nd4 8. Bg2
Qd7 9. Bxf6 exf6 10. g4 Bg6 11. O-O Nxf3+ 12. Qxf3 h5 13. gxh5 Bxh5 14. Qf5 Qe6
15. Nb5 Kd7 16. Qxe6+ fxe6 17. f4 a6 18. Nc3 b5 19. a3 Rb8 20. f5 Bf7 21. fxe6+
Bxe6 22. b4 Bxh3 23. Bxh3+ Rxh3 24. bxc5 Rc8 25. Kg2 Rh5 26. d4 dxc5 27. d5 b4
28. axb4 cxb4 29. Na4 Rxc2+ 30. Kf3 b3 31. Nb6+ Ke8 32. Rxa6 Rc3+ 33. Kg4 Rg5+
34. Kh4 Rcg3 35. Rf4 b2 36. Ra8+ Kf7 37. d6 b1=Q 38. Ra7+ Kg8 0-1

[Event "Challenge"]
[Site "http://www.queenalice.com/game.php?id=370036"]
[Date "2008.3.12"]
[Round "-"]
[White "Oryon1969"]
[Black "Mateusao_99"]
[Result "1-0"]
[WhiteElo "2043"]
[BlackElo "1796"]

1. c4 e5 2. Nc3 Nc6 3. d3 Nf6 4. Nf3 d6 5. h3 g6 6. Bg5 Bg7 7. g3 O-O 8. Bg2 h6
9. Bd2 Nd4 10. O-O Re8 11. e3 Nxf3+ 12. Bxf3 Bxh3 13. Bg2 Bxg2 14. Kxg2 Qc8 15.
e4 Qg4 16. Qxg4 Nxg4 17. f3 Nf6 18. a4 a5 19. Nb5 Rec8 20. f4 Nd7 21. f5 gxf5
22. Rxf5 Nc5 23. Rh1 Nxd3 24. Bxh6 b6 25. Rg5 Nxb2 26. Bxg7 1-0